000 00549nam a22002057a 4500
003 BD-ChCU
005 20251120140632.0
008 251120b ii ||||| |||| 00| 0 eng d
020 _a9789384007591
040 _cBD-ChCU
082 _a570.15195 R222b
100 _aRastogi, Veer Bala
_916551
245 _aBiostatistics /
_cVeer Bala Rastogi
250 _a3.Red.
260 _aNew Delhi :
_bMed Tech Science Press,
_cc2015
300 _a471
505 _aIncludes Glossary & Index
650 0 _aBiostatistics
_916553
942 _2ddc
_cBK
_n0
999 _c109650
_d109650